[Event "First Saturday 2011 februar GM"]
[Site "Budapest"]
[Date "2011.02.05"]
[Round "1.1"]
[White "Ilincic, Zlatko"]
[Black "Kosic, Dragan"]
[Result "1/2-1/2"]
[WhiteElo "2464"]
[BlackElo "2464"]
[PlyCount "40"]
[EventDate "2011.02.05"]

1. d4 d5 2. c4 e6 3. Nf3 Nf6 4. g3 dxc4 5. Bg2 c5 6. O-O Nc6 7. Qa4 Bd7 8. Qxc4
Qb6 9. dxc5 Bxc5 10. Nc3 Qb4 11. Qxb4 Bxb4 12. Nb5 O-O 13. a3 Be7 14. Bf4 Nd5
15. Bd6 a6 16. Bxe7 Ndxe7 17. Nd6 Rab8 18. Rfd1 Rfd8 19. Rac1 h6 20. b4 Be8
1/2-1/2

[Event "First Saturday 2011 februar GM"]
[Site "Budapest"]
[Date "2011.02.05"]
[Round "1.1"]
[White "Mihok, Oliver"]
[Black "Feher, Adam"]
[Result "1/2-1/2"]
[WhiteElo "2465"]
[BlackElo "2341"]
[PlyCount "61"]
[EventDate "2011.02.05"]

1. e4 e5 2. Nf3 Nc6 3. Bb5 a6 4. Ba4 Nf6 5. O-O b5 6. Bb3 Bc5 7. a4 Rb8 8. c3
d6 9. d3 O-O 10. Na3 Bg4 11. h3 Bxf3 12. Qxf3 b4 13. cxb4 Nd4 14. Qd1 Rxb4 15.
Bc4 Qd7 16. b3 c6 17. Nc2 Rbb8 18. Nxd4 Bxd4 19. Rb1 a5 20. Bd2 Qa7 21. Qe1 Bb6
22. Kh2 Nd7 23. f4 Rbe8 24. Qg3 Bd4 25. f5 Kh8 26. h4 Nf6 27. Bg5 Qe7 28. Qh3
Rd8 29. Bd2 Qa7 30. Bg5 Qe7 31. Bd2 1/2-1/2

[Event "First Saturday 2011 februar GM"]
[Site "Budapest"]
[Date "2011.02.06"]
[Round "1.2"]
[White "Feher, Adam"]
[Black "Paschall, William"]
[Result "1/2-1/2"]
[WhiteElo "2341"]
[BlackElo "2384"]
[PlyCount "61"]
[EventDate "2011.02.05"]

1. e4 Nh6 2. d4 d5 3. exd5 Nf5 4. Nf3 g6 5. Be2 Bg7 6. O-O Qxd5 7. c3 O-O 8.
Bf4 c5 9. dxc5 Qxc5 10. b4 Qb6 11. Na3 Be6 12. Nb5 Nd6 13. Be3 Qd8 14. Nxd6
Qxd6 15. Qxd6 exd6 16. Bd4 Nc6 17. Bxg7 Kxg7 18. Rfd1 Rfd8 19. Nd4 Nxd4 20.
Rxd4 a5 21. b5 b6 22. c4 Kf6 23. Bf3 Rac8 24. Bc6 Ke7 25. Rad1 Bd7 26. Re1+ Kf8
27. Bd5 Re8 28. Kf1 Rxe1+ 29. Kxe1 Ke7 30. Kd2 Rc5 31. Kd3 1/2-1/2

[Event "First Saturday 2011 februar GM"]
[Site "Budapest"]
[Date "2011.02.06"]
[Round "1.2"]
[White "Ilincic, Zlatko"]
[Black "Mihok, Oliver"]
[Result "1-0"]
[WhiteElo "2464"]
[BlackElo "2465"]
[PlyCount "105"]
[EventDate "2011.02.05"]

1. d4 d5 2. c4 c6 3. Nf3 Nf6 4. e3 Bf5 5. Bd3 Bg6 6. O-O e6 7. Nc3 Nbd7 8. Qe2
Bb4 9. Bd2 a5 10. a3 Bxd3 11. Qxd3 Be7 12. b4 O-O 13. c5 Qc7 14. Ng5 h6 15. Nh3
e5 16. f3 b6 17. Nf2 Rfe8 18. Qf5 Bf8 19. Nd3 g6 20. Qh3 axb4 21. axb4 bxc5 22.
bxc5 Nh7 23. Qg3 Bg7 24. e4 Qd8 25. exd5 exd4 26. Ne4 Rxa1 27. Rxa1 Ne5 28. Nb4
cxd5 29. Nd6 Re6 30. Nxd5 Rxd6 31. cxd6 Qxd6 32. Ra5 Nf8 33. Bf4 g5 34. Bxe5
Bxe5 35. f4 Bxf4 36. Nxf4 Qxf4 37. Qxf4 gxf4 38. Kf2 Ne6 39. Kf3 Kg7 40. Kg4
Kg6 41. h4 Kf6 42. Rf5+ Kg6 43. h5+ Kg7 44. Re5 Kf6 45. Rd5 Ke7 46. Kf5 Ng7+
47. Kxf4 f5 48. Ke5 Nxh5 49. Kxf5 Ng3+ 50. Kg4 Nf1 51. Rxd4 Ne3+ 52. Kf4 Nxg2+
53. Kg3 1-0

[Event "First Saturday 2011 februar GM"]
[Site "Budapest"]
[Date "2011.02.07"]
[Round "1.3"]
[White "Mihok, Oliver"]
[Black "Kosic, Dragan"]
[Result "1/2-1/2"]
[WhiteElo "2465"]
[BlackElo "2464"]
[PlyCount "40"]
[EventDate "2011.02.05"]

1. e4 e6 2. d4 d5 3. Nc3 Nf6 4. Bg5 dxe4 5. Nxe4 Nbd7 6. Nf3 h6 7. Nxf6+ Nxf6
8. Be3 Nd5 9. Bd2 c5 10. Ne5 a6 11. c3 Bd6 12. Qa4+ Ke7 13. Qd1 cxd4 14. cxd4
Bd7 15. Qh5 Bxe5 16. Qxe5 Kf8 17. Bc4 Bb5 18. Bxd5 Qxd5 19. Qxd5 exd5 20. Rc1
Re8+ 1/2-1/2

[Event "First Saturday 2011 februar GM"]
[Site "Budapest"]
[Date "2011.02.07"]
[Round "1.3"]
[White "Paschall, William"]
[Black "Ilincic, Zlatko"]
[Result "1/2-1/2"]
[WhiteElo "2384"]
[BlackElo "2464"]
[PlyCount "102"]
[EventDate "2011.02.05"]

1. c3 f5 2. d4 g6 3. Nd2 Nf6 4. Ngf3 Bg7 5. Qc2 O-O 6. e4 e6 7. e5 Nd5 8. Nc4
h6 9. h4 Rf7 10. a4 Nc6 11. Bd2 d6 12. Qc1 Qf8 13. Bf4 Nxf4 14. Qxf4 Rd7 15.
Rh3 Ne7 16. Ne3 b6 17. Bb5 Rd8 18. Bc4 Qf7 19. g4 Bb7 20. gxf5 gxf5 21. h5 Bxf3
22. exd6 cxd6 23. Qxf3 d5 24. Bb3 Bf6 25. Ng2 Kh7 26. Nf4 Rg8 27. O-O-O Rg4 28.
Kb1 Bg5 29. Nd3 Nc6 30. Qh1 Bf6 31. f3 Rg7 32. Nf4 Bg5 33. Ng6 Bf6 34. Rh2 Ne7
35. Nf4 e5 36. dxe5 Bxe5 37. Rh4 Bxf4 38. Rxf4 Rd8 39. Rh4 Nc6 40. f4 Ne7 41.
Rh2 Rg4 42. Rf2 Qf6 43. Qe1 Rd7 44. Ka2 Rh4 45. Rd3 Rxh5 46. Rg2 Rh4 47. Rdg3
Rxf4 48. Rg7+ Kh8 49. Qg3 Rg4 50. Rxg4 fxg4 51. Qxg4 Rd8 1/2-1/2

[Event "First Saturday 2011 februar GM"]
[Site "Budapest"]
[Date "2011.02.07"]
[Round "1.3"]
[White "Gonda, Laszlo"]
[Black "Feher, Adam"]
[Result "1/2-1/2"]
[WhiteElo "2555"]
[BlackElo "2341"]
[PlyCount "39"]
[EventDate "2011.02.05"]

1. d4 d5 2. c4 c6 3. Nf3 Nf6 4. Qc2 dxc4 5. Qxc4 Bg4 6. Nc3 Nbd7 7. e4 Bxf3 8.
gxf3 e5 9. Be3 exd4 10. Bxd4 Bd6 11. O-O-O Qe7 12. Kb1 O-O 13. h4 Rfd8 14. h5
h6 15. Qe2 Be5 16. Qe3 Bxd4 17. Rxd4 Nc5 18. Rxd8+ Rxd8 19. Be2 b6 20. Rg1
1/2-1/2

[Event "First Saturday 2011 februar GM"]
[Site "Budapest"]
[Date "2011.02.08"]
[Round "1.4"]
[White "Kosic, Dragan"]
[Black "Feher, Adam"]
[Result "1/2-1/2"]
[WhiteElo "2464"]
[BlackElo "2341"]
[PlyCount "67"]
[EventDate "2011.02.05"]

1. d4 d5 2. c4 e6 3. Nf3 Nf6 4. Bg5 h6 5. Bxf6 Qxf6 6. Nbd2 c6 7. Qc2 Nd7 8. g3
dxc4 9. Qxc4 g6 10. Bg2 Bg7 11. O-O O-O 12. Qb3 e5 13. Ne4 Qe7 14. Rfd1 exd4
15. Nxd4 Nf6 16. Nc3 Re8 17. h3 Nd7 18. e3 Nc5 19. Qc4 Bd7 20. Rac1 Ne6 21. Qb3
Rab8 22. Nde2 Red8 23. Qa4 a6 24. Qa5 Be8 25. Qb6 Qc7 26. Qxc7 Nxc7 27. b4 Ne6
28. Ne4 Kf8 29. Nf4 Nxf4 30. gxf4 Ke7 31. Nc5 Rxd1+ 32. Rxd1 Bc3 33. Rb1 Bd7
34. Rb3 1/2-1/2

[Event "First Saturday 2011 februar GM"]
[Site "Budapest"]
[Date "2011.02.08"]
[Round "1.4"]
[White "Ilincic, Zlatko"]
[Black "Gonda, Laszlo"]
[Result "0-1"]
[WhiteElo "2464"]
[BlackElo "2555"]
[PlyCount "110"]
[EventDate "2011.02.05"]

1. d4 d5 2. c4 dxc4 3. e4 Nf6 4. e5 Nd5 5. Bxc4 Nb6 6. Bb3 Nc6 7. Ne2 Bf5 8.
Nbc3 e6 9. a3 Qd7 10. Ba2 O-O-O 11. Be3 f6 12. exf6 gxf6 13. O-O h5 14. Kh1 h4
15. f3 Kb8 16. Rc1 Rg8 17. Rg1 Ne7 18. Qe1 Ned5 19. Nxd5 Nxd5 20. Bxd5 Qxd5 21.
Nf4 Qd7 22. Nh5 Be7 23. Qxh4 Rh8 24. g4 Qd5 25. Qg3 Bxg4 26. Qxg4 Rxh5 27. Bf4
Bd6 28. Bxd6 cxd6 29. Rg2 a6 30. Re1 Rf5 31. Qe4 Rxf3 32. Qxd5 exd5 33. Rg3 Rf2
34. Rg2 Rf4 35. Re7 Rxd4 36. b4 Rd1+ 37. Rg1 Rxg1+ 38. Kxg1 Rc8 39. Rd7 Rc3 40.
Rxd6 Rxa3 41. Rxd5 Ra4 42. h4 Rxb4 43. h5 Rg4+ 44. Kf2 Rg7 45. Kf3 Kc7 46. Kf4
Rh7 47. Kg4 b5 48. Rf5 Rh6 49. Kf4 Kb6 50. Ke4 Ka5 51. Kd3 Kb4 52. Kc2 Kc4 53.
Rf4+ Kd5 54. Kb3 Ke5 55. Rh4 f5 0-1

[Event "First Saturday 2011 februar GM"]
[Site "Budapest"]
[Date "2011.02.08"]
[Round "1.4"]
[White "Mihok, Oliver"]
[Black "Paschall, William"]
[Result "1/2-1/2"]
[WhiteElo "2465"]
[BlackElo "2384"]
[PlyCount "70"]
[EventDate "2011.02.05"]

1. e4 d5 2. exd5 Nf6 3. Nf3 Nxd5 4. d4 c5 5. c4 Nf6 6. d5 e6 7. Nc3 exd5 8.
cxd5 Bd6 9. Bb5+ Nbd7 10. O-O O-O 11. Bg5 h6 12. Bh4 a6 13. Bxd7 Bxd7 14. Ne4
Bf5 15. Bxf6 gxf6 16. Nxd6 Qxd6 17. Nh4 Bh7 18. Qh5 Qe5 19. Qxh6 Qg5 20. Qxg5+
fxg5 21. Nf3 f6 22. Rac1 b6 23. Rfe1 Rfe8 24. h4 gxh4 25. Nxh4 Rad8 26. Nf3 Be4
27. Rcd1 Bxf3 28. gxf3 Rxe1+ 29. Rxe1 Kf7 30. Re6 b5 31. Rxa6 Rxd5 32. Ra5 b4
33. Kf1 Rd2 34. Rxc5 Rxb2 35. Ra5 b3 1/2-1/2

[Event "First Saturday 2011 februar GM"]
[Site "Budapest"]
[Date "2011.02.09"]
[Round "1.5"]
[White "Paschall, William"]
[Black "Kosic, Dragan"]
[Result "1/2-1/2"]
[WhiteElo "2384"]
[BlackElo "2464"]
[PlyCount "35"]
[EventDate "2011.02.05"]

1. g3 d5 2. Bg2 Nf6 3. Nf3 e6 4. d4 c5 5. c4 dxc4 6. O-O Nc6 7. Qa4 Bd7 8. dxc5
Bxc5 9. Qxc4 Qe7 10. Nc3 h6 11. e4 Ng4 12. Qe2 Nge5 13. Nxe5 Nxe5 14. Bf4 Ng6
15. Be3 Bxe3 16. Qxe3 Bc6 17. Rad1 O-O 18. f4 1/2-1/2

[Event "First Saturday 2011 februar GM"]
[Site "Budapest"]
[Date "2011.02.09"]
[Round "1.5"]
[White "Gonda, Laszlo"]
[Black "Mihok, Oliver"]
[Result "1-0"]
[WhiteElo "2555"]
[BlackElo "2465"]
[PlyCount "67"]
[EventDate "2011.02.05"]

1. d4 d5 2. Bf4 Nf6 3. e3 c5 4. c3 Nc6 5. Nd2 e6 6. Bd3 Be7 7. Ngf3 O-O 8. Ne5
Nxe5 9. Bxe5 b6 10. O-O Bb7 11. Qf3 Nd7 12. Bf4 Bf6 13. Qg3 g6 14. Nf3 Rc8 15.
h4 Bg7 16. h5 Nf6 17. hxg6 hxg6 18. Qh3 Re8 19. Rad1 Qe7 20. Ne5 Ne4 21. f3 Ng5
22. Qg3 Nh7 23. Kf2 cxd4 24. exd4 Nf8 25. Rh1 Nd7 26. Qh2 Nxe5 27. Bxe5 Bxe5
28. dxe5 Qc5+ 29. Ke2 Kf8 30. Qh4 Red8 31. Qf6 Ke8 32. Rh8+ Kd7 33. Qxf7+ Kc6
34. Rh7 1-0

[Event "First Saturday 2011 februar GM"]
[Site "Budapest"]
[Date "2011.02.09"]
[Round "1.5"]
[White "Feher, Adam"]
[Black "Ilincic, Zlatko"]
[Result "0-1"]
[WhiteElo "2341"]
[BlackElo "2464"]
[PlyCount "94"]
[EventDate "2011.02.05"]

1. e4 c5 2. Nf3 d6 3. d4 cxd4 4. Nxd4 Nf6 5. Nc3 a6 6. Be2 h5 7. Bg5 Qa5 8. Qd2
e6 9. O-O-O Bd7 10. Nb3 Qc7 11. Bf4 b5 12. Bxd6 Bxd6 13. Qxd6 Qxd6 14. Rxd6 b4
15. e5 bxc3 16. exf6 cxb2+ 17. Kxb2 gxf6 18. Rhd1 Ke7 19. Nc5 Bc6 20. Nxa6 Bxg2
21. Nb4 h4 22. Bb5 Rc8 23. c4 f5 24. a4 Ra7 25. Kb3 h3 26. R6d3 f4 27. Rd4 e5
28. Re1 Kf6 29. Rd6+ Kf5 30. Nd5 Bxd5 31. Rxd5 f6 32. c5 Kg4 33. Be2+ f3 34.
Bb5 Kf4 35. Rd6 f5 36. Rh6 Rxc5 37. Rh4+ Kg5 38. Rxh3 e4 39. Rh8 Nc6 40. Bxc6
Rxc6 41. Rb8 Rd7 42. Rb1 Rd3+ 43. Kb4 Rc2 44. a5 Rxf2 45. a6 Ra2 46. Ra8 Kf4
47. a7 Rd7 0-1

[Event "First Saturday 2011 februar GM"]
[Site "Budapest"]
[Date "2011.02.10"]
[Round "2.1"]
[White "Kosic, Dragan"]
[Black "Ilincic, Zlatko"]
[Result "1/2-1/2"]
[WhiteElo "2464"]
[BlackElo "2464"]
[PlyCount "43"]
[EventDate "2011.02.05"]

1. Nf3 f5 2. d4 Nf6 3. g3 g6 4. b3 Bg7 5. Bb2 O-O 6. Bg2 d6 7. O-O a5 8. c4 e6
9. Nbd2 c6 10. Qc2 d5 11. Ne5 Nbd7 12. Ndf3 Nxe5 13. Nxe5 Nd7 14. Nxd7 Bxd7 15.
a3 Qb6 16. e3 Qa7 17. Rfc1 b5 18. cxb5 cxb5 19. Qc7 Rfc8 20. Qxa7 Rxa7 21.
Rxc8+ Bxc8 22. Rc1 1/2-1/2

[Event "First Saturday 2011 februar GM"]
[Site "Budapest"]
[Date "2011.02.10"]
[Round "2.1"]
[White "Feher, Adam"]
[Black "Mihok, Oliver"]
[Result "0-1"]
[WhiteElo "2341"]
[BlackElo "2465"]
[PlyCount "114"]
[EventDate "2011.02.05"]

1. e4 c5 2. Nf3 e6 3. c4 a6 4. Nc3 Qc7 5. Be2 d6 6. O-O Nf6 7. d4 cxd4 8. Nxd4
Be7 9. Be3 b6 10. f3 Bb7 11. Rc1 Nbd7 12. b4 O-O 13. Qd2 Rac8 14. Rfd1 Qb8 15.
Nb3 Rfe8 16. Kh1 d5 17. cxd5 exd5 18. Bf4 Bd6 19. Bxd6 Qxd6 20. Nxd5 Nxd5 21.
Rxc8 Rxc8 22. exd5 Nf6 23. Qd4 Re8 24. Bd3 Nxd5 25. Be4 f5 26. Bxd5+ Qxd5 27.
Kg1 Qe6 28. Nc1 h6 29. Qd3 Bc6 30. Qb3 Qxb3 31. Nxb3 Ba4 32. Kf2 Rc8 33. Rc1
Rd8 34. Ke3 Re8+ 35. Kf2 Kf7 36. Rc7+ Kf6 37. Rb7 Bxb3 38. axb3 Re6 39. f4 b5
40. Ra7 g5 41. fxg5+ hxg5 42. g3 Ke5 43. Ke3 Kd5+ 44. Kd3 f4 45. gxf4 gxf4 46.
Rd7+ Ke5 47. h3 Rh6 48. Re7+ Kd5 49. Rd7+ Ke5 50. Re7+ Kd5 51. Rd7+ Kc6 52. Rf7
Rxh3+ 53. Kd4 Rxb3 54. Rf6+ Kd7 55. Kc5 Rc3+ 56. Kb6 f3 57. Rf4 Ra3 0-1

[Event "First Saturday 2011 februar GM"]
[Site "Budapest"]
[Date "2011.02.10"]
[Round "2.1"]
[White "Gonda, Laszlo"]
[Black "Paschall, William"]
[Result "1/2-1/2"]
[WhiteElo "2555"]
[BlackElo "2384"]
[PlyCount "30"]
[EventDate "2011.02.05"]

1. Nf3 Nf6 2. c4 e6 3. g3 a6 4. Bg2 b5 5. b3 c5 6. O-O Qb6 7. e3 Bb7 8. d4 Be7
9. Nbd2 d6 10. Bb2 O-O 11. Qe2 Nbd7 12. Rfd1 Rfe8 13. e4 cxd4 14. Bxd4 Qc7 15.
e5 dxe5 1/2-1/2

[Event "First Saturday 2011 februar GM"]
[Site "Budapest"]
[Date "2011.02.11"]
[Round "2.2"]
[White "Gonda, Laszlo"]
[Black "Kosic, Dragan"]
[Result "1/2-1/2"]
[WhiteElo "2555"]
[BlackElo "2464"]
[PlyCount "42"]
[EventDate "2011.02.05"]

1. Nf3 Nf6 2. c4 e6 3. g3 d5 4. Bg2 dxc4 5. Qa4+ Nbd7 6. Qxc4 a6 7. a4 Bd6 8.
Qc2 O-O 9. Nc3 h6 10. O-O c5 11. d3 Rb8 12. Nd2 b6 13. f4 Bb7 14. e4 Be7 15.
Kh1 Bc6 16. Nb3 b5 17. axb5 axb5 18. e5 Bxg2+ 19. Qxg2 Ne8 20. Be3 Qc7 21. Ne4
Rc8 1/2-1/2

[Event "First Saturday 2011 februar GM"]
[Site "Budapest"]
[Date "2011.02.11"]
[Round "2.2"]
[White "Paschall, William"]
[Black "Feher, Adam"]
[Result "0-1"]
[WhiteElo "2384"]
[BlackElo "2341"]
[PlyCount "122"]
[EventDate "2011.02.05"]

1. g3 c5 2. c3 Nc6 3. Bg2 Nf6 4. Nf3 e6 5. d4 d5 6. O-O Be7 7. c4 dxc4 8. Qa4
cxd4 9. Nxd4 Qxd4 10. Bxc6+ Bd7 11. Rd1 Bxc6 12. Qxc6+ bxc6 13. Rxd4 Rd8 14.
Rxd8+ Kxd8 15. Nd2 c3 16. bxc3 Kc8 17. Nc4 Nd5 18. Bd2 f6 19. Na5 Kc7 20. Rb1
Nb6 21. Bf4+ e5 22. Be3 Rb8 23. f3 a6 24. Kf2 Nd7 25. Rxb8 Nxb8 26. g4 Nd7 27.
Nb3 Ba3 28. h4 Kd6 29. c4 Bc5 30. h5 Bxe3+ 31. Kxe3 g6 32. h6 Nc5 33. Nd2 f5
34. gxf5 gxf5 35. f4 Ne6 36. fxe5+ Kxe5 37. Nf3+ Kd6 38. Nh4 Ke5 39. Ng6+ Kd6
40. a4 a5 41. Nh4 Ke5 42. Nf3+ Kd6 43. Nh4 Ke5 44. Ng6+ Kd6 45. Nf4 Nd8 46. Nd3
Nf7 47. Kd4 Nxh6 48. Nc5 Ng4 49. Nb7+ Kc7 50. Nxa5 h5 51. Nb3 h4 52. Nd2 h3 53.
Nf1 h2 54. Ng3 Kb6 55. Nh1 c5+ 56. Kd5 Ne3+ 57. Ke5 Ka5 58. Kf4 Nxc4 59. Kg3
Ne3 60. Kxh2 c4 61. Kg3 Nd1 0-1

[Event "First Saturday 2011 februar GM"]
[Site "Budapest"]
[Date "2011.02.11"]
[Round "2.2"]
[White "Mihok, Oliver"]
[Black "Ilincic, Zlatko"]
[Result "1/2-1/2"]
[WhiteElo "2465"]
[BlackElo "2464"]
[PlyCount "69"]
[EventDate "2011.02.05"]

1. e4 c5 2. Nf3 d6 3. d4 cxd4 4. Nxd4 Nf6 5. Nc3 a6 6. Be3 h5 7. Be2 e6 8. a4
Bd7 9. h3 Nc6 10. O-O Be7 11. f4 g6 12. Bf3 Qc7 13. Nb3 b6 14. Qe2 Kf8 15. Rfe1
Kg7 16. Bf2 Bd8 17. Rad1 Ne8 18. Nd2 Nb4 19. Nb3 Nc6 20. Qd2 Bc8 21. e5 d5 22.
Ne2 Be7 23. Rc1 Rb8 24. Red1 b5 25. axb5 axb5 26. Ned4 Nxd4 27. Bxd4 Ra8 28.
Ra1 Ra4 29. Qf2 Qc6 30. Rxa4 bxa4 31. Nc5 Nc7 32. c4 Bb7 33. Ra1 Ra8 34. Nxb7
Qxb7 35. cxd5 1/2-1/2

[Event "First Saturday 2011 februar GM"]
[Site "Budapest"]
[Date "2011.02.12"]
[Round "2.3"]
[White "Kosic, Dragan"]
[Black "Mihok, Oliver"]
[Result "1/2-1/2"]
[WhiteElo "2464"]
[BlackElo "2465"]
[PlyCount "86"]
[EventDate "2011.02.05"]

1. d4 d5 2. c4 c6 3. cxd5 cxd5 4. Bf4 Nc6 5. e3 Nf6 6. Nc3 Bf5 7. Qb3 Na5 8.
Qa4+ Bd7 9. Bb5 e6 10. Nf3 a6 11. Bxd7+ Nxd7 12. O-O Be7 13. Rfc1 Nc6 14. Qb3
Qb6 15. Qd1 O-O 16. Na4 Qa5 17. a3 Rfc8 18. b4 Qd8 19. Nc5 Bxc5 20. bxc5 b6 21.
cxb6 Nxb6 22. Qd3 h6 23. h4 Nc4 24. g4 Ne7 25. Rab1 Qd7 26. Bg3 e5 27. Nxe5
Nxe5 28. Rxc8+ Qxc8 29. dxe5 Qxg4 30. Rb7 Qe6 31. Qb3 Rc8 32. Kg2 Ng6 33. Rb8
Rxb8 34. Qxb8+ Kh7 35. h5 Ne7 36. Qb1+ g6 37. hxg6+ Qxg6 38. Qb7 Qe6 39. Bh4
Qg6+ 40. Kh2 Nf5 41. Bf6 Qh5+ 42. Kg2 Qg4+ 43. Kh2 Qh5+ 1/2-1/2

[Event "First Saturday 2011 februar GM"]
[Site "Budapest"]
[Date "2011.02.12"]
[Round "2.3"]
[White "Ilincic, Zlatko"]
[Black "Paschall, William"]
[Result "1/2-1/2"]
[WhiteElo "2464"]
[BlackElo "2384"]
[PlyCount "25"]
[EventDate "2011.02.05"]

1. d4 g6 2. g3 Bg7 3. Bg2 Nf6 4. c4 O-O 5. Nc3 d6 6. Nf3 c6 7. O-O Na6 8. h3
Be6 9. b3 d5 10. Ng5 Bf5 11. cxd5 cxd5 12. g4 Bc8 13. Nf3 1/2-1/2

[Event "First Saturday 2011 februar GM"]
[Site "Budapest"]
[Date "2011.02.12"]
[Round "2.3"]
[White "Feher, Adam"]
[Black "Gonda, Laszlo"]
[Result "0-1"]
[WhiteElo "2341"]
[BlackElo "2555"]
[PlyCount "106"]
[EventDate "2011.02.05"]

1. e4 e6 2. d4 d5 3. Nc3 Bb4 4. e5 Ne7 5. a3 Bxc3+ 6. bxc3 b6 7. Qg4 Ng6 8. h4
h5 9. Qg3 Ba6 10. Bd3 Bxd3 11. cxd3 c5 12. dxc5 bxc5 13. Nf3 Qa5 14. Bd2 Qa6
15. Ng5 Nd7 16. O-O Ngxe5 17. d4 Ng4 18. Bf4 O-O 19. f3 Nh6 20. Nh3 Nf5 21. Qg5
cxd4 22. cxd4 Qa4 23. Qxh5 Qxd4+ 24. Kh1 Qxf4 25. Nxf4 Ng3+ 26. Kh2 Nxh5 27.
Nxh5 Rfc8 28. Nf4 Rc4 29. Kg3 Rac8 30. Rfb1 Nb6 31. h5 e5 32. Nd3 f6 33. Rh1
Rd4 34. Nf2 f5 35. h6 Rc6 36. h7+ Kh8 37. Rh5 Rg6+ 38. Kh3 Rd2 39. Rf1 Rh6 40.
Rxh6 gxh6 41. g4 f4 42. g5 hxg5 43. Ng4 Kxh7 44. Nxe5 Nc4 45. Nxc4 dxc4 46. Rc1
Rd4 47. Kg4 Kg6 48. Re1 Kf6 49. Re8 Rd2 50. Rf8+ Ke5 51. Re8+ Kd4 52. Kxg5 c3
53. Kxf4 c2 0-1

[Event "First Saturday 2011 februar GM"]
[Site "Budapest"]
[Date "2011.02.13"]
[Round "2.4"]
[White "Feher, Adam"]
[Black "Kosic, Dragan"]
[Result "0-1"]
[WhiteElo "2341"]
[BlackElo "2464"]
[PlyCount "73"]
[EventDate "2011.02.05"]

1. e4 e6 2. d4 d5 3. Nc3 dxe4 4. Nxe4 Nd7 5. Nf3 Ngf6 6. Nxf6+ Nxf6 7. c3 c5 8.
Ne5 a6 9. Qa4+ Bd7 10. Nxd7 Qxd7 11. Qxd7+ Kxd7 12. dxc5 Bxc5 13. Be2 Rhd8 14.
O-O Ke7 15. Bf3 Rd7 16. Re1 h6 17. b4 Ba7 18. c4 Bd4 19. Rb1 Rc8 20. c5 g5 21.
h3 Nd5 22. a3 b6 23. cxb6 Nxb6 24. Be3 Rc3 25. b5 Bxe3 26. Rxe3 Rxe3 27. fxe3
axb5 28. Rxb5 Nc4 29. a4 Ra7 30. Rb4 Nxe3 31. Kf2 Nf5 32. Be4 Nd6 33. Bd3 f5
34. Be2 Kf6 35. Rb6 Ke5 36. Bb5 Ne4+ 37. Ke2 {after 4 move} 0-1

[Event "First Saturday 2011 februar GM"]
[Site "Budapest"]
[Date "2011.02.13"]
[Round "2.4"]
[White "Gonda, Laszlo"]
[Black "Ilincic, Zlatko"]
[Result "0-1"]
[WhiteElo "2555"]
[BlackElo "2464"]
[PlyCount "73"]
[EventDate "2011.02.05"]

1. Nf3 Nf6 2. c4 g6 3. Nc3 Bg7 4. d4 O-O 5. e4 d6 6. Be3 Ng4 7. Bg5 f6 8. Bh4
h5 9. Be2 Nh6 10. h3 g5 11. Bg3 h4 12. Bh2 e5 13. g4 hxg3 14. Bxg3 Nc6 15. dxe5
dxe5 16. Qxd8 Nxd8 17. Nd5 Ne6 18. O-O-O Rf7 19. Nh2 c6 20. Nc3 Nd4 21. Bh5 Rf8
22. h4 Be6 23. hxg5 fxg5 24. b3 b5 25. cxb5 cxb5 26. Kb1 a5 27. Nd5 Bxd5 28.
exd5 a4 29. b4 a3 30. Ng4 Ra4 31. Nxh6+ Bxh6 32. Bg4 Rxb4+ 33. Kc1 Rc4+ 34. Kd2
Bg7 35. Kd3 Nf5 36. Bxf5 Rxf5 37. Rb1 0-1

[Event "First Saturday 2011 februar GM"]
[Site "Budapest"]
[Date "2011.02.13"]
[Round "2.4"]
[White "Paschall, William"]
[Black "Mihok, Oliver"]
[Result "0-1"]
[WhiteElo "2384"]
[BlackElo "2465"]
[PlyCount "106"]
[EventDate "2011.02.05"]

1. Nf3 c5 2. e3 g6 3. d4 Bg7 4. c4 Nf6 5. Nc3 O-O 6. Be2 cxd4 7. exd4 d5 8.
cxd5 Nxd5 9. O-O Nc6 10. Re1 Be6 11. h3 Rc8 12. Bf1 Nxc3 13. bxc3 Na5 14. Bd2
Bc4 15. Bxc4 Nxc4 16. Bg5 Re8 17. Qb3 Qd7 18. Rad1 b6 19. Qb4 e6 20. Qb1 Qd5
21. Bf4 Red8 22. Bg5 Rd7 23. Bf4 Qf5 24. Qc1 Qa5 25. Bh6 Qxa2 26. Bxg7 Kxg7 27.
d5 exd5 28. Qf4 Qa3 29. Qd4+ Kg8 30. Ng5 Rcd8 31. Qh4 Qxc3 32. Qxh7+ Kf8 33.
Qh4 Kg7 34. Qh7+ Kf8 35. Rc1 Qg7 36. Qh4 Kg8 37. Rcd1 a5 38. Rd4 Ra8 39. Red1
Raa7 40. Rf4 a4 41. Rfd4 a3 42. Rxd5 a2 43. Rxd7 Rxd7 44. Rxd7 a1=Q+ 45. Kh2
Qae5+ 46. f4 Qe8 47. Rd5 f6 48. Nf3 Ne3 49. Rd3 Nxg2 50. Qf2 Nxf4 51. Re3 Qed7
52. Qa2+ Qgf7 53. Qa8+ Kg7 0-1